La copia y otros originales
Gorde:
| Egile nagusia: | |
|---|---|
| Formatua: | Liburua |
| Hizkuntza: | gaztelania |
| Argitaratua: |
Santiago
Nascimento
1961
|
| Gaiak: | |
| Etiketak: |
Etiketa erantsi
Etiketarik gabe, Izan zaitez lehena erregistro honi etiketa jartzen!
|
MARC
| LEADER | 00000nam a2200000 a 4500 | ||
|---|---|---|---|
| 001 | UCQ6600 | ||
| 003 | CL-VaPUC | ||
| 008 | 981016e19610000CL |||||||||||||||||spa|d | ||
| 082 | 0 | 4 | |a Ch867 |b GON |2 21 |
| 100 | 0 | |a González Vera, José Santos |e author |9 321193 | |
| 245 | 1 | 3 | |a La copia y otros originales |
| 300 | |a 221 p | ||
| 942 | |c BK | ||
| 945 | |d 19981016 00:00:00 |a lriquelm | ||
| 260 | |a Santiago |b Nascimento |c 1961 | ||
| 650 | 7 | |a HUMOR |2 CL-VaPUC |9 337105 | |
| 650 | 7 | |a HUMOR CHILENO |2 CL-VaPUC |9 420479 | |
| 650 | 0 | |a Literatura chilena |9 308278 | |
| 583 | |a last modification |c 19981016 00:00:00 |k Rodrigo Vera | ||
| 999 | |c 276547 |d 276545 | ||
| 952 | |0 0 |1 0 |4 0 |6 CH_867_000000000000000_GON_1961 |7 0 |8 A |9 313832 |a BIBEDU |b BIBEDU |d 2019-11-20 |i 148320K |o Ch867 GON 1961 |p 148320K |r 2019-11-20 |w 2019-11-20 |y BK |k LIT | ||